Sean Penn Filmography - Statistics

General Stats
  • This quiz has been taken 191 times
    51 since last reset
  • The average score is 22 of 110
Answer Stats
Type Year Name % Correct
Film 2001 i am sam
82%
Film 2008 Milk
82%
Film 1993 Carlito's Way
71%
Film 2003 Mystic River
71%
Film 1995 Dead Man Walking
65%
Film 2025 One Battle After Another
59%
Film 2003 21 Grams
53%
Film 1982 Fast Times at Ridgemont High
53%
Film 1999 Sweet and Lowdown
47%
Film 1983 Bad Boys
41%
Film 1988 Colors
41%
Film 2013 Gangster Squad
41%
Film 1990 State of Grace
41%
Film 1981 Taps
41%
Film 1998 The Thin Red Line
41%
Film 1989 Casualties of War
35%
Film 1998 Hurlyburly
35%
Director 2007 Into the Wild
35%
Film 1984 Racing with the Moon
35%
TV Show 1987 Saturday Night Live
35%
Film 1997 She's So Lovely
35%
Director 2001 The Pledge
35%
Film 1997 U Turn
35%
Film 2021 Licorice Pizza
29%
Music Video 2014 Run
29%
Film 1986 Shanghai Surprise
29%
Film 2016 The Angry Birds Movie
29%
Director 1995 The Crossing Guard
29%
Film 1985 The Falcon and the Snowman
29%
Film 1997 The Game
29%
Film 2005 The Interpreter
29%
Film 2013 The Secret Life of Walter Mitty
29%
Film 2011 The Tree of Life
29%
Film 2000 The Weight of Water
29%
Film 1989 We're No Angels
29%
Film 2006 All the King's Men
24%
TV Show 2001 F•R•I•E•N•D•S
24%
Director 1991 The Indian Runner
24%
Film 1986 At Close Range
18%
Film 1990 Cool Blue
18%
Film 1984 Crackers
18%
Film 2010 Fair Game
18%
Film 2021 Flag Day
18%
Film 1988 Judgement in Berlin
18%
Film 2003 Pauly Shore Is Dead
18%
Film 2015 The Gunman
18%
Film 2019 The Professor and the Madman
18%
Film 2011 This Must Be the Place
18%
TV Show 2004 Two and a Half Men
18%
Film 2000 Up at the Villa
18%
Film 2008 What Just Happened
18%
Documentary 2000 A Constant Forge
12%
Short Film 2012 Americans
12%
TV Show 1979 Barnaby Jones
12%
Film 2000 Before Night Falls
12%
Film 1999 Being John Malkovich
12%
Short Film 1992 Cruise Control
12%
Film 2023 Daddio
12%
Documentary 1987 Dear America: Letters Home from Vietnam
12%
Documentary 2001 Dogtown and Z-Boys
12%
Film 1997 Hugo Pool
12%
Film 2003 It's All About Love
12%
TV Show 1974, 1975 Little House on the Prairie
12%
Film 1997 Loved
12%
Film 2007 Persepolis
12%
Film 1983 Risky Business
12%
Documentary 1991 Schneeweißrosenrot
12%
Documentary 2001 See How They Run
12%
Film 1983 Summerspell
12%
Film 2004 The Assassination of Richard Nixon
12%
Short Film 1981 The Beaver Kid 2
12%
Web Series 2018 The First
12%
Documentary 1993 The Last Party
12%
Documentary 2007 War Made Easy: How Presidents & Pundits Keep Spinning Us to Death
12%
Documentary 2008 Witch Hunt
12%
Film 2002 11'09"01 September 11
6%
Film TBA Animals in War
6%
Film 2023 Asphalt City
6%
TV Show 2023 C*A*U*G*H*T
6%
TV Show 2020 Curb Your Enthusiasm
6%
Music Video 1993 Dance with the One That Brought You
6%
TV Show 1997 Ellen
6%
TV Show 2016 Family Guy
6%
TV Show 2022 Gaslit
6%
Film 2023 Gonzo Girl
6%
Theater 1981 Heartland
6%
Director 2016 I Forgive It All
6%
Music Video 1992 North Dakota
6%
Theater 1983 Slab Boys
6%
Short Film 2016 Sound of Sun
6%
Documentary 2023 Superpower
6%
Director 2002 The Barry Williams Show
6%
TV Film 1981 The Killing of Randy Webster
6%
TV Show 1998 The Larry Sanders Show
6%
Director 2016 The Last Face
6%
Theater 2000 The Late Henry Moss
6%
Film 2008 Tropic Thunder
6%
Music Video 2023 Use Me (Brutal Hearts)
6%
TV Show 2004 Viva La Bam
6%
Documentary 2009 Deflating the Elephant: Framed Messages Behind Conservative Dialogue
0%
Music Video 1989 Eardrum Buzz
0%
Theater 1986 Goose and Tomtom
0%
TV Show 2025 Great Performances
0%
TV Film 1981 Hellinger's Law
0%
Music Video 1982 Highway Patrolman
0%
Music Video 2021 My Father's Daughter
0%
Music Video 2013 Queenie Eye
0%
Documentary 2001 Scene Smoking: Cigarettes, Cinema & the Myth of Cool
0%
Docmentary 2001 The Beaver Trilogy
0%
Documentary 2013 The Human Experiment
0%
No matching quizzes found
Score Distribution
Percent of People with Each Score
Percentile by Number Answered
Your Score History
You have not taken this quiz since the last reset